Complete the Book Title (names) #2 - Statistics

General Stats
  • This quiz has been taken 96 times
  • The average score is 9 of 15
Answer Stats
Novel % Correct
{Harry} Potter and the Philosopher’s Stone
100%
{Alice} in Wonderland
98%
The Adventures of {Tom} Sawyer
93%
{Charlotte}’s Web
91%
{James} and the Giant Peach
85%
The Tale of {Peter} Rabbit
79%
Curious {George}
76%
{Charlie} and the Great Glass Elevator
56%
Are You There God? It's Me, {Margaret}
54%
Goodnight, Mister {Tom}
39%
{Harriet} the Spy
38%
{Sarah}, Plain and Tall
37%
A Prayer for {Owen} Meany
34%
What {Katy} Did
34%
{Emil} and the Detectives
22%
No matching quizzes found
Score Distribution
Percent of People with Each Score
Percentile by Number Answered
Your Score History
You have not taken this quiz